| 000 | 00580nam a2200181 a 4500 | ||
|---|---|---|---|
| 001 | 000036019 | ||
| 005 | 20200930074814.0 | ||
| 008 | 111123s1972 xxu 000 0 spa d | ||
| 020 | _a0030866618 | ||
| 040 |
_aDO-SdBNP _bspa _cBNPHU |
||
| 041 | 1 | 7 | _aeng |
| 100 | 1 |
_aWhite, George Abbott _962059 |
|
| 245 | 1 | 0 |
_aLiterature in revolution / _cGeorge Abbott White ; Edited by George Abbott White and Charles Newman. |
| 260 |
_aNew York : _bHolt, Rinehart and Winston, _c1972. |
||
| 700 | 1 |
_aAbbott White, George _962060 |
|
| 700 | 1 |
_aNewman, Charles _962061 |
|
| 360 |
_a640 p. _c24 cm. |
||
| 999 |
_c35510 _d35510 |
||